[Event "BIH-chT2"]
[Site "Tuzla"]
[Date "2015.10.17"]
[Round "2.1"]
[White "Mrndjic, Muamer"]
[Black "Avdic, Mirza"]
[Result "1-0"]
[WhiteElo "2224"]
[BlackElo "2221"]
[PlyCount "281"]
[EventDate "2015.10.16"]

1. d4 Nf6 2. Nf3 g6 3. c4 Bg7 4. Nc3 O-O 5. e4 d6 6. Bd3 Nc6 7. d5 Nb4 8. Be2
c5 9. O-O e5 10. a3 Na6 11. Ne1 Ne8 12. Be3 f5 13. f3 f4 14. Bf2 g5 15. g4 h5
16. h3 Nf6 17. Nd3 Kf7 18. Kg2 Rh8 19. Rh1 Rh6 20. b4 b6 21. Rb1 Qh8 22. bxc5
Nxc5 23. Nxc5 dxc5 24. a4 Bd7 25. a5 Rb8 26. axb6 axb6 27. Qb3 hxg4 28. hxg4
Rxh1 29. Rxh1 Qc8 30. Nb5 Bxb5 31. Qxb5 Bf8 32. Ra1 Qc7 33. Be1 Bd6 34. Ra6 Kg6
35. Kf2 Rb7 36. Bc3 Rb8 37. Ke1 Kf7 38. Kd2 Ke7 39. Bd1 Rb7 40. Ba4 Rb8 41. Qb1
Qb7 42. Bb5 Ra8 43. Rxa8 Qxa8 44. Bc6 Qb8 45. Qh1 Qg8 46. Qa1 Qb8 47. Qa6 Qc7
48. Bb7 Ne8 49. Bc8 Nf6 50. Bf5 Kf8 51. Qa8+ Qb8 52. Qa6 Ke7 53. Kc2 Qc7 54.
Qa1 Kf8 55. Kb3 Qb8 56. Qa6 Ke7 57. Kc2 Qc7 58. Qa8 Qb8 59. Qa1 Kf8 60. Be6 Kg7
61. Qa4 Kf8 62. Kb3 Ke7 63. Qa6 Kf8 64. Bc8 Ne8 65. Bb7 Qc7 66. Bc6 Qb8 67. Qa1
Nf6 68. Qa4 Ke7 69. Qa6 Kf7 70. Ka4 Ne8 71. Bb7 Bc7 72. Bc6 Bd6 73. Bxe8+ Qxe8+
74. Qb5 Qa8+ 75. Kb3 Qb8 76. Qd7+ Kf8 77. Qf5+ Ke8 78. Qxg5 b5 79. Qg8+ Bf8 80.
Qe6+ Be7 81. Qc6+ Kf7 82. cxb5 Qa7 83. d6 Bd8 84. Qd5+ Kf8 85. Qxe5 c4+ 86.
Kxc4 Qa2+ 87. Kd3 Qb1+ 88. Kc4 Qa2+ 89. Kd3 Qb1+ 90. Kd2 Qa2+ 91. Kc1 Qa3+ 92.
Kd1 Qb3+ 93. Kc1 Qa3+ 94. Kd2 Qa2+ 95. Bb2 Ba5+ 96. Kd3 Qb3+ 97. Bc3 Qd1+ 98.
Kc4 Qa4+ 99. Kc5 Qa3+ 100. Kc6 Bxc3 101. Qxf4+ Kg7 102. Qg5+ Kh7 103. Qf5+ Kg7
104. b6 Bd4 105. Qb5 Be3 106. b7 Qc3+ 107. Kd7 Ba7 108. b8=Q Bxb8 109. Qxb8
Qxf3 110. Qb2+ Kh7 111. Qe5 Qb3 112. Qe7+ Kh8 113. Qf8+ Kh7 114. Qf5+ Kh8 115.
Ke7 Qf7+ 116. Kd8 Qg8+ 117. Kc7 Qc4+ 118. Kb6 Qb4+ 119. Kc6 Qc4+ 120. Qc5 Qxe4+
121. Kc7 Qxg4 122. d7 Qf4+ 123. Kc8 Qg4 124. Qc7 Qe6 125. Kb7 Qb3+ 126. Qb6
Qd5+ 127. Kc8 Qc4+ 128. Qc7 Qe6 129. Qc3+ Kg8 130. Kc7 Qe7 131. Qg3+ Kh8 132.
Qd6 Qf7 133. Qh6+ Kg8 134. Kd6 Qe7+ 135. Kc7 Qc5+ 136. Qc6 Qa5+ 137. Kc8 Qf5
138. Kb7 Qf7 139. Kc7 Kh8 140. Qe4 Kg7 141. Kc8 1-0

[Event "BIH-chT2"]
[Site "Tuzla"]
[Date "2015.10.17"]
[Round "2.1"]
[White "Hadzovic, Amir"]
[Black "Zacinovic, Alija"]
[Result "1-0"]
[WhiteElo "2218"]
[BlackElo "2226"]
[PlyCount "107"]
[EventDate "2015.10.16"]

1. e4 Nc6 2. Nc3 e5 3. Bc4 Nf6 4. d3 Bb4 5. Bd2 O-O 6. Nge2 Na5 7. a3 Nxc4 8.
dxc4 Be7 9. Ng3 c6 10. Be3 d6 11. Qd3 Ng4 12. Rd1 g6 13. f3 Nxe3 14. Qxe3 Qa5
15. a4 Be6 16. Qd3 Rfd8 17. Kf1 Rac8 18. Nge2 a6 19. h4 b5 20. axb5 d5 21. bxc6
dxe4 22. Qxe4 Rxd1+ 23. Nxd1 f5 24. Qe3 Rxc6 25. Ndc3 Bxc4 26. h5 g5 27. Qa7
Qd8 28. h6 Bf8 29. Qe3 e4 30. Rh5 Be7 31. fxe4 f4 32. Qa7 Bf8 33. Ke1 Bf7 34.
Rh3 g4 35. Rd3 Qg5 36. Qb8 Rxh6 37. Nxf4 Rh1+ 38. Kd2 Qc5 39. Nce2 Qa5+ 40. Nc3
Qc5 41. Nce2 Bc4 42. Rd8 Bxe2 43. Nxe2 Rf1 44. Rd5 Qe7 45. Qb3 Kh8 46. Rf5 Bh6+
47. Kc3 Bg7+ 48. Kd3 Rd1+ 49. Ke3 Qa7+ 50. Kf4 Qe7 51. Ng3 Rd8 52. Qf7 Qh4 53.
Rh5 Bh6+ 54. Kf5 1-0

[Event "BIH-chT2"]
[Site "Tuzla"]
[Date "2015.10.17"]
[Round "2.1"]
[White "Mrndjic, Armin"]
[Black "Mestrovic, Zvonimir"]
[Result "0-1"]
[WhiteElo "2122"]
[BlackElo "2271"]
[PlyCount "36"]
[EventDate "2015.10.16"]

1. e4 Nc6 2. Nf3 d5 3. exd5 Qxd5 4. d4 e5 5. c4 Qe4+ 6. Be3 exd4 7. Nxd4 Bg4 8.
Qa4 Bd7 9. Nc3 Nxd4 10. Nxe4 Bxa4 11. Bxd4 O-O-O 12. Be3 Nh6 13. Be2 Bc6 14.
Bf3 Bb4+ 15. Ke2 Rhe8 16. Ng3 Rd2+ 17. Kf1 Rxb2 18. Bd1 Bc3 0-1

[Event "BIH-chT2"]
[Site "Tuzla"]
[Date "2015.10.17"]
[Round "2.1"]
[White "Strinic, Halid"]
[Black "Mataradzic, Almir"]
[Result "1-0"]
[WhiteElo "2109"]
[BlackElo "2088"]
[PlyCount "113"]
[EventDate "2015.10.16"]

1. e4 c5 2. Nf3 e6 3. c4 Nc6 4. Nc3 g6 5. d4 cxd4 6. Nxd4 a6 7. Be3 Bg7 8. Be2
Nge7 9. O-O O-O 10. Qd2 d5 11. exd5 exd5 12. Nxc6 bxc6 13. Rfd1 Be6 14. cxd5
Nxd5 15. Bd4 Qe7 16. b3 Rfd8 17. Bxg7 Kxg7 18. Ne4 f5 19. Qd4+ Nf6 20. Qxf6+
Qxf6 21. Nxf6 Kxf6 22. Rxd8 Rxd8 23. Bxa6 Rd2 24. Bb7 c5 25. a4 Bxb3 26. a5 Bd5
27. Bxd5 Rxd5 28. a6 Rd8 29. a7 Ra8 30. Kf1 Ke5 31. Ke2 Kd4 32. Ra4+ Kc3 33.
Kd1 Kb3 34. Ra6 c4 35. Kc1 Kc3 36. h4 Kb3 37. Rb6+ Kc3 38. Rb7 h5 39. Re7 Kb3
40. g3 Kc3 41. Rd7 Kb3 42. Kd2 Kb4 43. Rb7+ Kc5 44. Kc3 Kc6 45. Rg7 Kc5 46. f3
Kb5 47. Kc2 Kc5 48. Kc3 Kb5 49. Re7 Kc5 50. Re5+ Kb6 51. Kxc4 Rc8+ 52. Kd4 Kxa7
53. Re6 Rg8 54. Ke5 g5 55. hxg5 Rxg5 56. Kf4 Rg7 57. Rh6 1-0

[Event "BIH-chT2"]
[Site "Tuzla"]
[Date "2015.10.17"]
[Round "2.1"]
[White "Kovacic, Dubravko"]
[Black "Kurtcehajic, Suad"]
[Result "1-0"]
[WhiteElo "2074"]
[BlackElo "2057"]
[PlyCount "127"]
[EventDate "2015.10.16"]

1. c4 e6 2. g3 d5 3. Bg2 Nf6 4. Nf3 c6 5. O-O Nbd7 6. d4 b6 7. Qc2 Bb7 8. b3
Be7 9. Bb2 O-O 10. Nc3 c5 11. cxd5 Nxd5 12. Rfd1 Nxc3 13. Bxc3 Qc7 14. Qb2 Bf6
15. Rac1 Rac8 16. dxc5 Bxc3 17. Qxc3 Nxc5 18. b4 Na6 19. Qxc7 Rxc7 20. Rxc7
Nxc7 21. Rd7 Rc8 22. Ne5 Bxg2 23. Kxg2 f6 24. Nc6 Nd5 25. b5 Rc7 26. Rxc7 Nxc7
27. Nxa7 Kf8 28. Nc8 Nxb5 29. a4 Nc7 30. Nxb6 Ke7 31. Kf3 Kd6 32. Ke4 Kc5 33.
Nd7+ Kb4 34. Nf8 Kxa4 35. Nxh7 Kb5 36. h4 Kc6 37. h5 Kd6 38. Nxf6 Ke7 39. Ng4
Nd5 40. f4 Kf7 41. Ne5+ Kf6 42. g4 Nc3+ 43. Kf3 Nb5 44. g5+ Ke7 45. Nc6+ Kf7
46. Ne5+ Ke7 47. e4 Nd4+ 48. Kg4 Nc2 49. g6 Kf6 50. Nd7+ Ke7 51. Nc5 Kf6 52.
e5+ Ke7 53. Kg5 Nd4 54. h6 gxh6+ 55. Kxh6 Kf8 56. Nd7+ Ke7 57. Nf6 Nf5+ 58. Kh7
Kf8 59. Nh5 Ne7 60. g7+ Kf7 61. Nf6 Ng8 62. Nxg8 Ke8 63. Nf6+ Ke7 64. Kg6 1-0

[Event "BIH-chT2"]
[Site "Tuzla"]
[Date "2015.10.17"]
[Round "2.2"]
[White "Hrvic, Bilal"]
[Black "Kekic, Armin"]
[Result "1/2-1/2"]
[WhiteElo "2124"]
[BlackElo "2231"]
[PlyCount "34"]
[EventDate "2015.10.16"]

1. c4 e5 2. g3 Nc6 3. Bg2 g6 4. Nc3 Bg7 5. d3 d6 6. Nf3 h6 7. Rb1 Be6 8. Bd2
Qd7 9. Nd5 Nge7 10. Nxe7 Nxe7 11. O-O O-O 12. b4 c6 13. a4 d5 14. Qc2 f5 15. b5
Rac8 16. Bc3 Qc7 17. Qb2 d4 1/2-1/2

[Event "BIH-chT2"]
[Site "Tuzla"]
[Date "2015.10.17"]
[Round "2.2"]
[White "Komic, Ibrahim"]
[Black "Nurkic, Alija"]
[Result "1/2-1/2"]
[WhiteElo "2231"]
[BlackElo "2084"]
[PlyCount "39"]
[EventDate "2015.10.16"]

1. Nf3 e6 2. c4 Nf6 3. g3 b6 4. Bg2 Bb7 5. O-O Be7 6. d4 O-O 7. Nc3 Ne4 8. Bd2
d6 9. d5 Nxd2 10. Qxd2 e5 11. e4 Nd7 12. b4 Ba6 13. Nb5 Nf6 14. Qd3 Qd7 15. Nd2
Bc8 16. a4 a5 17. bxa5 Rxa5 18. Nb3 Ra8 19. Rfc1 c6 20. Nc3 1/2-1/2

[Event "BIH-chT2"]
[Site "Tuzla"]
[Date "2015.10.17"]
[Round "2.2"]
[White "Imamovic, Smail"]
[Black "Abdic, Adnan"]
[Result "0-1"]
[WhiteElo "1972"]
[BlackElo "2170"]
[PlyCount "92"]
[EventDate "2015.10.16"]

1. e4 e5 2. Nf3 Nc6 3. Bb5 a6 4. Ba4 Nf6 5. d3 b5 6. Bb3 Be7 7. O-O d6 8. h3
Na5 9. Nc3 Nxb3 10. axb3 Bb7 11. b4 O-O 12. Bd2 Re8 13. Ne2 d5 14. Bc3 Bd6 15.
Ng3 dxe4 16. Nxe4 Nxe4 17. dxe4 Bxe4 18. Re1 f5 19. Nd2 Bb7 20. Qh5 Qd7 21.
Rad1 Qf7 22. Qe2 e4 23. Nb3 f4 24. Nc5 Bc6 25. Qg4 a5 26. Bd4 axb4 27. Ra1 Rxa1
28. Rxa1 Qe7 29. Nxe4 Bxe4 30. Re1 Qf7 31. b3 Bc6 32. Rd1 Qg6 33. f3 Qxg4 34.
hxg4 Re2 35. Rc1 Rd2 36. Bb2 Be8 37. Re1 Bg6 38. Be5 Bxc2 39. Bxd6 Rxd6 40.
Re8+ Kf7 41. Rc8 c6 42. Rc7+ Kg6 43. Rc8 Bxb3 44. Rf8 Bc2 45. Rxf4 b3 46. Rb4
Rd1+ 0-1

[Event "BIH-chT2"]
[Site "Tuzla"]
[Date "2015.10.17"]
[Round "2.2"]
[White "Hadzic, Sabahet"]
[Black "Mujagic, Ismet"]
[Result "1-0"]
[WhiteElo "1950"]
[BlackElo "1858"]
[PlyCount "23"]
[EventDate "2015.10.16"]

1. d4 d5 2. Nf3 Nf6 3. c4 e6 4. Nc3 Be7 5. Bg5 h6 6. Bxf6 Bxf6 7. e3 a6 8. c5
c6 9. Qc2 Nd7 10. Be2 e5 11. b4 exd4 12. exd4 1-0

[Event "BIH-chT2"]
[Site "Tuzla"]
[Date "2015.10.17"]
[Round "2.3"]
[White "Trumic, Enes"]
[Black "Drazic, Sinisa"]
[Result "0-1"]
[WhiteElo "2244"]
[BlackElo "2430"]
[PlyCount "96"]
[EventDate "2015.10.16"]

1. d4 Nf6 2. c4 e6 3. Nc3 Bb4 4. e3 O-O 5. Bd3 c5 6. Nge2 d5 7. a3 Bxc3+ 8.
bxc3 Nc6 9. O-O dxc4 10. Bxc4 Qc7 11. f4 Rd8 12. Bd3 b6 13. Bb2 Bb7 14. Ng3
Rac8 15. Nh5 Nxh5 16. Qxh5 f5 17. Bc4 Qf7 18. Qxf7+ Kxf7 19. Rac1 Na5 20. Bd3
Be4 21. Ba6 Bb7 22. Bd3 h5 23. Rcd1 cxd4 24. exd4 Nc4 25. Bc1 Nd6 26. Bd2 Ne4
27. Bxe4 Bxe4 28. Ra1 Rc4 29. a4 Rd5 30. Ra3 Ra5 31. Rfa1 Ke7 32. Kf2 Kd6 33.
g3 Bc2 34. Ke3 Kd5 35. Rc1 Raxa4 36. Rxa4 Bxa4 37. h3 g6 38. g4 hxg4 39. hxg4
fxg4 40. Rg1 Bc2 41. Rxg4 Bf5 42. Rh4 Rc8 43. Be1 a5 44. Rh2 Kc4 45. Kd2 a4 46.
Rh7 Ra8 47. Rc7+ Kb3 48. Rc6 Rb8 0-1

[Event "BIH-chT2"]
[Site "Tuzla"]
[Date "2015.10.17"]
[Round "2.3"]
[White "Trkulja, Goran"]
[Black "Avdic, Adnan"]
[Result "1/2-1/2"]
[WhiteElo "2320"]
[BlackElo "2268"]
[PlyCount "39"]
[EventDate "2015.10.16"]

1. Nf3 b5 2. e3 a6 3. d4 d5 4. c3 e6 5. Nbd2 Bb7 6. a4 b4 7. a5 bxc3 8. bxc3
Nd7 9. Qa4 Bd6 10. c4 c5 11. cxd5 Bxd5 12. Nc4 Bxc4 13. Bxc4 Ngf6 14. O-O O-O
15. Rd1 cxd4 16. Rxd4 Qc7 17. Ba3 Bxa3 18. Rxa3 Nc5 19. Qd1 e5 20. Rd2 1/2-1/2

[Event "BIH-chT2"]
[Site "Tuzla"]
[Date "2015.10.17"]
[Round "2.3"]
[White "Obad, Andrija"]
[Black "Burovic, Ismet"]
[Result "1/2-1/2"]
[WhiteElo "2201"]
[BlackElo "2324"]
[PlyCount "38"]
[EventDate "2015.10.16"]

1. e4 c6 2. d4 d5 3. Nd2 Qa5 4. c3 dxe4 5. Nxe4 Bf5 6. Ng3 Bg6 7. Nf3 Nd7 8.
Bc4 e6 9. Bf4 Ngf6 10. O-O Nd5 11. Bd2 Qc7 12. Re1 Bd6 13. Ne4 Bxe4 14. Rxe4
O-O-O 15. Bf1 c5 16. b4 c4 17. a4 Kb8 18. Qc2 Rc8 19. g3 h5 1/2-1/2

[Event "BIH-chT2"]
[Site "Tuzla"]
[Date "2015.10.17"]
[Round "2.4"]
[White "Nurkic, Sahbaz"]
[Black "Radic, Bojan"]
[Result "1-0"]
[WhiteElo "2372"]
[BlackElo "2179"]
[PlyCount "43"]
[EventDate "2015.10.16"]

1. e4 c5 2. Nf3 e6 3. c3 Nf6 4. Bd3 Nc6 5. O-O Be7 6. Re1 d6 7. Bc2 O-O 8. d4
cxd4 9. cxd4 e5 10. h3 Bd7 11. Nc3 Rc8 12. Be3 a6 13. Qe2 Re8 14. Rad1 Qc7 15.
Bb1 Na5 16. Bg5 Be6 17. dxe5 dxe5 18. Nd5 Bxd5 19. exd5 Nc4 20. Rc1 e4 21. Nd2
b5 22. b3 1-0

[Event "BIH-chT2"]
[Site "Tuzla"]
[Date "2015.10.17"]
[Round "2.4"]
[White "Bajramovic, Halid"]
[Black "Boric, Muhamed"]
[Result "1/2-1/2"]
[WhiteElo "2144"]
[BlackElo "2397"]
[PlyCount "39"]
[EventDate "2015.10.16"]

1. d4 Nf6 2. c4 c6 3. Nc3 d5 4. e3 g6 5. Nf3 Bg7 6. Be2 O-O 7. O-O b6 8. b3 Bb7
9. Bb2 e6 10. Qc2 Nbd7 11. Ba3 c5 12. cxd5 exd5 13. Rac1 Re8 14. Rfd1 Rc8 15.
dxc5 Nxc5 16. Qb1 Qe7 17. Bb2 a6 18. Bf1 Rcd8 19. b4 Ne6 20. Na4 1/2-1/2

[Event "BIH-chT2"]
[Site "Tuzla"]
[Date "2015.10.17"]
[Round "2.4"]
[White "Mumanovic, Adis"]
[Black "Cunjalo, Faris"]
[Result "1/2-1/2"]
[WhiteElo "2083"]
[BlackElo "2054"]
[PlyCount "83"]
[EventDate "2015.10.16"]

1. e4 c6 2. d4 d5 3. e5 Bf5 4. Bd3 Bxd3 5. Qxd3 e6 6. Ne2 Ne7 7. O-O h5 8. Bg5
Qb6 9. Bxe7 Bxe7 10. Nd2 Qa6 11. c4 Nd7 12. b3 c5 13. Qe3 cxd4 14. Nxd4 dxc4
15. Nxc4 O-O 16. Nf3 Nb6 17. Nxb6 Qxb6 18. Qxb6 axb6 19. a4 g5 20. Rad1 Rfd8
21. Nd4 Rd5 22. Nf5 Rxd1 23. Nxe7+ Kf8 24. Ng6+ Kg7 25. Rxd1 Kxg6 26. Rd7 Rc8
27. g3 Rc3 28. Rxb7 Rxb3 29. a5 Rb5 30. axb6 Rxe5 31. Rb8 Rb5 32. b7 Kf5 33. f3
Rb2 34. Kf1 e5 35. h3 h4 36. gxh4 gxh4 37. Rh8 Rxb7 38. Rxh4 Rb2 39. Kg1 Rd2
40. Re4 Ra2 41. Rg4 Ke6 42. h4 1/2-1/2

[Event "BIH-chT2"]
[Site "Tuzla"]
[Date "2015.10.17"]
[Round "2.4"]
[White "Markovic, Dino"]
[Black "Smajlovic, Nijaz"]
[Result "1/2-1/2"]
[WhiteElo "1993"]
[BlackElo "1995"]
[PlyCount "98"]
[EventDate "2015.10.16"]

1. d4 d5 2. c4 e6 3. Nc3 Nf6 4. Nf3 h6 5. cxd5 exd5 6. Bf4 a6 7. e3 Nc6 8. Bd3
Bd6 9. Bxd6 Qxd6 10. h3 O-O 11. O-O Re8 12. Rc1 Ne4 13. Bxe4 dxe4 14. Nd2 Bf5
15. Nc4 Qg6 16. Kh1 Rad8 17. Ne2 Qg5 18. a3 Qh4 19. Ng3 Bc8 20. Qh5 Qxh5 21.
Nxh5 Rd5 22. Nf4 Rd7 23. b4 Kh7 24. Rfd1 g5 25. Ne2 b5 26. Nb6 cxb6 27. Rxc6
Bb7 28. Rxb6 Rc8 29. Ng3 Rc3 30. Ra1 Rdc7 31. Nf5 R3c6 32. Rxc6 Rxc6 33. g4 Rc2
34. Kg2 Bd5 35. Kg3 Be6 36. Nd6 Bd5 37. Kg2 Kg6 38. a4 Bc4 39. axb5 axb5 40.
Ra5 Bd3 41. Nxb5 Be2 42. Kg3 Rc1 43. h4 Rg1+ 44. Kh2 Rxg4 45. hxg5 hxg5 46. Nd6
Bf3 47. Re5 Kh5 48. Nxf7 Rh4+ 49. Kg3 Rg4+ 1/2-1/2

[Event "BIH-chT2"]
[Site "Tuzla"]
[Date "2015.10.17"]
[Round "2.4"]
[White "Redzepi, Mehmedalija"]
[Black "Mujagic, Muhamed"]
[Result "0-1"]
[WhiteElo "1909"]
[BlackElo "1963"]
[PlyCount "118"]
[EventDate "2015.10.16"]

1. d4 Nf6 2. c4 e6 3. Nc3 Bb4 4. Qc2 c5 5. e3 Nc6 6. Nf3 Qb6 7. dxc5 Bxc5 8. a3
Be7 9. b4 Qc7 10. h3 a6 11. Bb2 b6 12. Bd3 Bb7 13. Ne4 Rc8 14. Nxf6+ Bxf6 15.
Bxf6 gxf6 16. Qc3 Ne5 17. Nxe5 Qxe5 18. Qxe5 fxe5 19. e4 Rg8 20. Rg1 Ke7 21. g4
h5 22. Ke2 hxg4 23. hxg4 d5 24. cxd5 exd5 25. exd5 Bxd5 26. Bxa6 Rc2+ 27. Ke3
Rh8 28. Be2 Rh3+ 29. f3 e4 30. Rh1 Rxh1 31. Rxh1 exf3 32. Bd1 Ra2 33. a4 Ra1
34. Kd4 Bc6 35. b5 Bb7 36. g5 f2 37. Rf1 Rxd1+ 38. Rxd1 Bg2 39. a5 f1=Q 40.
Rxf1 Bxf1 41. axb6 Kd7 42. Kc5 Bg2 43. Kb4 Kc8 44. Kc5 Kb7 45. Kd6 Be4 46. Kc5
Bd3 47. Kd4 Bxb5 48. Kc5 Be2 49. Kd5 Kxb6 50. Kd6 Bh5 51. Kd5 Kc7 52. Ke5 Kd7
53. Kd5 Ke7 54. Ke5 Kf8 55. Kf6 Kg8 56. Ke5 Kg7 57. Kf5 Bd1 58. Ke5 Kg6 59. Kf4
Bh5 0-1

[Event "BIH-chT2"]
[Site "Tuzla"]
[Date "2015.10.17"]
[Round "2.5"]
[White "Ramic, Mirnes"]
[Black "Abdil, Halil"]
[Result "1-0"]
[WhiteElo "2028"]
[BlackElo "2211"]
[PlyCount "67"]
[EventDate "2015.10.16"]

1. e4 c5 2. Nf3 d6 3. Nc3 Nf6 4. g3 g6 5. Bg2 Bg7 6. O-O O-O 7. d3 Nc6 8. h3 e5
9. Be3 h6 10. Qd2 Kh7 11. Nh2 Be6 12. f4 Qd7 13. fxe5 Nxe5 14. g4 h5 15. Bg5
Ng8 16. gxh5 Bxh3 17. Nd5 gxh5 18. Rf2 f6 19. Be3 Be6 20. Raf1 Ng4 21. Nxg4
hxg4 22. Bh1 Bxd5 23. exd5 Ne7 24. Rh2+ Kg6 25. Be4+ Kf7 26. Rh7 Rg8 27. Bg5 f5
28. Bxe7 Qxe7 29. Bxf5 Rh8 30. Be6+ Kg6 31. Bf5+ Kf7 32. Qh6 Kg8 33. Be6+ Qxe6
34. Qxg7# 1-0

[Event "BIH-chT2"]
[Site "Tuzla"]
[Date "2015.10.17"]
[Round "2.5"]
[White "Petrovic, Sasa"]
[Black "Mesic, Vehid"]
[Result "1-0"]
[WhiteElo "2225"]
[BlackElo "1955"]
[PlyCount "89"]
[EventDate "2015.10.16"]

1. e4 e5 2. Nf3 Nc6 3. Bb5 a6 4. Bxc6 dxc6 5. O-O Bg4 6. h3 h5 7. d3 Qf6 8.
Nbd2 Bc5 9. Nc4 Bd6 10. Re1 c5 11. hxg4 hxg4 12. Ng5 Qh6 13. Kf1 Qh1+ 14. Ke2
Qxg2 15. Be3 Ke7 16. Rg1 Qh2 17. Kd2 f6 18. Qxg4 fxg5 19. Qxg5+ Kd7 20. Rh1
Qxh1 21. Rxh1 Rxh1 22. Nxe5+ Bxe5 23. Qxe5 Nf6 24. Bg5 Re8 25. Qf5+ Re6 26.
Bxf6 gxf6 27. Qxc5 c6 28. Ke3 Ra1 29. a3 Rd6 30. Kd2 Rb1 31. Kc3 Rf1 32. Qf5+
Kc7 33. Qh7+ Rd7 34. Qh2+ Kd8 35. Qg2 Re1 36. f4 Ke7 37. Qg7+ Ke8 38. Qxf6 Rf7
39. Qd6 Rd7 40. Qb8+ Kf7 41. f5 Re7 42. Qg3 Rh1 43. Qg6+ Kf8 44. e5 Rf1 45. e6
1-0

[Event "BIH-chT2"]
[Site "Tuzla"]
[Date "2015.10.17"]
[Round "2.5"]
[White "Sinanovic, Ermin"]
[Black "Pasalic, Adnan"]
[Result "0-1"]
[WhiteElo "2122"]
[BlackElo "2078"]
[PlyCount "144"]
[EventDate "2015.10.16"]

1. d4 e6 2. Nf3 Nf6 3. Bg5 d5 4. e3 Be7 5. c4 c6 6. Nc3 O-O 7. Rc1 Nbd7 8. a3
a5 9. h3 Re8 10. c5 Nf8 11. Bd3 N6d7 12. Bf4 Bf6 13. O-O e5 14. dxe5 Nxe5 15.
Na4 Nfd7 16. Nd4 g6 17. Be2 Bg7 18. b3 Qf6 19. Bg3 Nf8 20. Nb6 Ra7 21. Re1 Bf5
22. Nxf5 gxf5 23. Rc2 Qe6 24. f4 Ned7 25. Bd3 Nf6 26. Rc1 Ne4 27. Bxe4 Qxe4 28.
Qc2 Qe6 29. Re2 Nd7 30. Nxd7 Qxd7 31. Qd3 Re4 32. Bf2 Ra8 33. Rd1 Qe7 34. Rc2
Qe6 35. g3 h5 36. Kg2 Kh7 37. Kf3 Qg6 38. Rg1 Qe6 39. g4 fxg4+ 40. hxg4 Rh8 41.
Bh4 Kg8 42. Rcg2 hxg4+ 43. Rxg4 Rh7 44. Bf2 Kf8 45. R1g3 Qf5 46. Qd2 Re8 47.
Ke2 d4 48. Qd3 Qxd3+ 49. Kxd3 dxe3 50. Bxe3 Rd8+ 51. Ke4 Rd5 52. f5 Bf6 53. Bf4
Ke7 54. Bd6+ Kd7 55. Ke3 Rxf5 56. Re4 Rh8 57. Kd2 Bg5+ 58. Kc3 Bf6+ 59. Kd3
Rd5+ 60. Ke3 Bg5+ 61. Bf4 f5 62. Rc4 Bxf4+ 63. Rxf4 Rxc5 64. Rg7+ Kc8 65. Kd4
Rd5+ 66. Kc3 Rh3+ 67. Kc2 Re5 68. Rf2 Rc5+ 69. Kb2 Rb5 70. b4 axb4 71. a4 Rd5
72. Re2 Rd7 0-1

[Event "BIH-chT2"]
[Site "Tuzla"]
[Date "2015.10.17"]
[Round "2.5"]
[White "Corbadzic, Samir"]
[Black "Salkic, Mahir"]
[Result "1-0"]
[WhiteElo "2111"]
[BlackElo "1968"]
[PlyCount "77"]
[EventDate "2015.10.16"]

1. e4 e6 2. d4 d5 3. Nc3 dxe4 4. Nxe4 Be7 5. Nf3 Nf6 6. Nxf6+ Bxf6 7. Be3 O-O
8. Be2 Bd7 9. O-O Bc6 10. Rb1 Nd7 11. c4 Nb6 12. Qc2 Qe7 13. b3 Rfd8 14. Rfd1
Rd7 15. Rd2 Rad8 16. Rbd1 h6 17. Ne1 Qe8 18. Bf3 Bxf3 19. Nxf3 c6 20. Qe4 Nc8
21. Qg4 Kh7 22. Bf4 Nd6 23. Be5 Qe7 24. Rd3 Nf5 25. Qe4 Kg8 26. g4 Nh4 27. Bxf6
Qxf6 28. Ne5 Rd6 29. Rf1 Ng6 30. f4 Ne7 31. Kg2 g6 32. Rff3 Kg7 33. Rg3 Kg8 34.
Qe3 Qg7 35. h4 h5 36. f5 exf5 37. gxh5 Kh7 38. hxg6+ fxg6 39. h5 1-0

[Event "BIH-chT2"]
[Site "Tuzla"]
[Date "2015.10.17"]
[Round "2.5"]
[White "Salkic, Midhat"]
[Black "Hamzic, Adil"]
[Result "1-0"]
[WhiteElo "1999"]
[BlackElo "1762"]
[PlyCount "99"]
[EventDate "2015.10.16"]

1. e4 c5 2. d4 cxd4 3. c3 e6 4. cxd4 Nf6 5. Nc3 a6 6. Bd3 d6 7. Nf3 Nbd7 8. O-O
e5 9. Re1 Be7 10. Nd5 O-O 11. Nxe7+ Qxe7 12. Bg5 exd4 13. Nxd4 Qe5 14. Nf5 h6
15. Bh4 Ne8 16. Be7 Ndf6 17. Bxf8 Kxf8 18. Qe2 Be6 19. a3 h5 20. f3 g6 21. Ne3
g5 22. Bc4 Bxc4 23. Nxc4 Qc5+ 24. Kh1 Rc8 25. Ne3 g4 26. Rad1 gxf3 27. gxf3 Qe5
28. Nd5 h4 29. Qf2 Nxd5 30. Rxd5 Qf4 31. Rf5 Qh6 32. Qd4 h3 33. Qd5 f6 34. Rg1
Rc1 35. Qg8+ Ke7 36. Rd5 Qf4 37. Rd3 Rxg1+ 38. Qxg1 Qe5 39. Rd2 Qf4 40. Rd3 Qe5
41. Rc3 Qg5 42. Qxg5 fxg5 43. Kg1 Kd7 44. Kf2 Nf6 45. Ke3 Ke6 46. Rc7 b6 47.
Rg7 d5 48. Rxg5 dxe4 49. fxe4 b5 50. Rg3 1-0

[Event "BIH-chT2"]
[Site "Tuzla"]
[Date "2015.10.17"]
[Round "3.1"]
[White "Vajic, Goran"]
[Black "Rasidovic, Sead"]
[Result "0-1"]
[WhiteElo "2335"]
[BlackElo "2337"]
[PlyCount "92"]
[EventDate "2015.10.16"]

1. e4 e6 2. d4 d5 3. e5 c5 4. c3 Nc6 5. Nf3 Bd7 6. Bd3 cxd4 7. cxd4 Qb6 8. O-O
a6 9. a3 Nxd4 10. Nbd2 Bb5 11. Bxb5+ axb5 12. Nxd4 Qxd4 13. Qe2 Qa4 14. b3 Qa6
15. b4 Qa4 16. Bb2 Ne7 17. Rac1 Nc6 18. Nb1 Qa6 19. Nc3 Na7 20. f4 Be7 21. Kh1
g6 22. Rf3 Rc8 23. Rcf1 Rc4 24. Qf2 Nc6 25. Nd1 Qa7 26. Qd2 h5 27. Qd3 Nd4 28.
Bxd4 Qxd4 29. Qxd4 Rxd4 30. Nc3 Rc4 31. Nxb5 Kd7 32. g3 Rhc8 33. Kg2 Ra8 34.
Rd3 b6 35. Rff3 Kc6 36. Nd4+ Kb7 37. h3 Ka6 38. g4 Rh8 39. g5 b5 40. Kf2 Bd8
41. Ke2 Bb6 42. Nb3 Rhc8 43. Rd2 Re4+ 44. Kd3 Rcc4 45. Rc2 Kb7 46. a4 Rxb4 0-1

[Event "BIH-chT2"]
[Site "Tuzla"]
[Date "2015.10.17"]
[Round "3.1"]
[White "Avdic, Mirza"]
[Black "Ramic, Mirnes"]
[Result "0-1"]
[WhiteElo "2221"]
[BlackElo "2028"]
[PlyCount "104"]
[EventDate "2015.10.16"]

1. e4 e5 2. Nf3 Nc6 3. Bb5 a6 4. Ba4 Nf6 5. d4 exd4 6. e5 Ne4 7. Bb3 d5 8. exd6
Bxd6 9. O-O O-O 10. Re1 Nc5 11. Bg5 Qd7 12. Nbd2 h6 13. Bh4 b5 14. Ne4 Nxb3 15.
axb3 f5 16. Nxd6 Qxd6 17. Qd2 f4 18. c3 d3 19. Nd4 g5 20. Nxc6 Qxc6 21. Qxd3
Bf5 22. Qd4 Qd6 23. Qxd6 cxd6 24. Red1 Rf6 25. Rd4 Bc2 26. Rb4 Re8 27. Bxg5
hxg5 28. h3 d5 29. Rd4 Rd6 30. b4 Kg7 31. h4 Kg6 32. hxg5 Kxg5 33. Rd2 Bb3 34.
f3 Bc4 35. Kh2 Rh6+ 36. Kg1 Rhe6 37. Kh2 Re1 38. Rxe1 Rxe1 39. g3 Re2+ 40. Rxe2
Bxe2 41. Kg2 fxg3 42. Kxg3 Bd1 43. Kf2 Kf4 44. Ke1 Bxf3 45. Kd2 Ke4 46. Kc2 Ke3
47. Kb3 Kd3 48. Ka3 Kc2 49. Ka2 Be2 50. Ka3 Bc4 51. b3 Kxc3 52. bxc4 Kxc4 0-1

[Event "BIH-chT2"]
[Site "Tuzla"]
[Date "2015.10.17"]
[Round "3.1"]
[White "Mesic, Vehid"]
[Black "Hadzovic, Amir"]
[Result "0-1"]
[WhiteElo "1955"]
[BlackElo "2218"]
[PlyCount "98"]
[EventDate "2015.10.16"]

1. e4 d6 2. d4 Nf6 3. Nc3 Nbd7 4. Nf3 e5 5. g4 h6 6. Rg1 Be7 7. Be3 Nh7 8. Qd2
Ng5 9. Be2 Nxf3+ 10. Bxf3 Bg5 11. O-O-O c6 12. Be2 Bxe3 13. fxe3 Qe7 14. Rdf1
f6 15. h4 Nf8 16. g5 hxg5 17. hxg5 Bd7 18. Rg3 O-O-O 19. d5 c5 20. gxf6 gxf6
21. Rfg1 Nh7 22. Rg7 Qf8 23. Bb5 Ng5 24. Rxd7 Rxd7 25. Bxd7+ Kxd7 26. Qe2 Ke7
27. Qb5 Qc8 28. b3 Qc7 29. Ne2 a6 30. Qd3 Kd8 31. Ng3 Qa5 32. Kb2 Qb5 33. Qd1
c4 34. Rf1 Qc5 35. Qe1 Rh2 36. b4 Qb5 37. Rxf6 Kc7 38. Rf5 Nh3 39. Rf7+ Kb8 40.
Nf5 Nf2 41. Ka3 Nxe4 42. Rf8+ Ka7 43. Ne7 a5 44. Nc8+ Ka6 45. Nxd6 Nxd6 46.
Ra8+ Kb6 47. Rxa5 Qd7 48. Qg1 Rh3 49. Kb2 e4 0-1

[Event "BIH-chT2"]
[Site "Tuzla"]
[Date "2015.10.17"]
[Round "3.1"]
[White "Mestrovic, Zvonimir"]
[Black "Sinanovic, Ermin"]
[Result "1/2-1/2"]
[WhiteElo "2271"]
[BlackElo "2122"]
[PlyCount "82"]
[EventDate "2015.10.16"]

1. e4 c5 2. c3 d5 3. exd5 Qxd5 4. d4 Nf6 5. Nf3 Bg4 6. Be2 e6 7. O-O Nc6 8. Na3
a6 9. Nc2 Rd8 10. Ne3 Qd7 11. Nxg4 Nxg4 12. Bg5 Be7 13. Bxe7 Qxe7 14. Qa4 O-O
15. dxc5 Nge5 16. Nxe5 Nxe5 17. c6 Rd2 18. Qe4 Nxc6 19. b4 Qc7 20. Bd3 g6 21.
Qe3 Rb2 22. Qc1 Ne5 23. Qxb2 Nxd3 24. Qb3 Rc8 25. c4 Qxc4 26. Qxc4 Rxc4 27. a3
e5 28. f3 f5 29. Rfd1 e4 30. fxe4 fxe4 31. Rd2 Kf7 32. Re2 Kf6 33. g3 Ne5 34.
Kg2 Nd3 35. Rf1+ Ke6 36. Rf8 Ne5 37. Re8+ Kd5 38. Rd2+ Nd3 39. Rd8+ Ke5 40.
Re8+ Kd5 41. Rd8+ Ke6 1/2-1/2